| 000 | 00718cam a22002414a 4500 | ||
|---|---|---|---|
| 001 | 12513296 | ||
| 005 | 20180124041305.0 | ||
| 008 | 010824s2002 ilua b 001 0 eng | ||
| 010 | _a 2001039824 | ||
| 020 | _a1567931715 (alk. paper) | ||
| 040 |
_aDLC _cDLC _dDLC |
||
| 041 | _aeng | ||
| 042 | _apcc | ||
| 080 | _a362.11068 DUN | ||
| 082 | 0 | 0 |
_a362.11068 DUN _221 |
| 100 | 1 | _a3 | |
| 101 | _aSHM | ||
| 245 | 1 | 0 |
_aHaimann's healthcare management / _cRose Dunn. |
| 504 | _aIncludes bibliographical references and index. | ||
| 906 |
_a7 _bcbc _corignew _d1 _eocip _f20 _gy-gencatlg |
||
| 942 |
_2ddc _cBK |
||
| 999 |
_c40837 _d40837 |
||